000 00556nam a2200181Ia 4500
003 OSt
005 20240119093724.0
008 210210b1963 xxu||||| |||| 00| 0 eng d
040 _cAL
041 _aKannada
082 _a852/2
100 _aANDERSON KENETH ಆಂಡರ್ಸನ್ ಕೆನೆತ್
_9148286
245 _aHaidrabadina Hatyakari
_bಹೈದ್ರಾಬಾದಿನ ಹತ್ಯಾಕಾರಿ
260 _aMangaluru
_bKannada Prapancha Prakashana
_c1963
690 _aKannada Prose
_9148287
906 _a018573
942 _2ddc
_cBK
999 _c142082
_d142082